000 00219nam a22000857a 4500
008 161108b xxu||||| |||| 00| 0 eng d
100 _91078
_aSinghal.J.P.
245 _aCCE Social Science-IX
260 _aNew Delhi
_bAmanda
_c2012
999 _c3735
_d3735